El acontecimiento y el mundo / trad. por maría cristina greve

Guardado en:
Autor Principal: Romano, Claude
Otros Autores: Greve, María Cristina, trad.
Formato: Libro
Publicado: Buenos Aires : Biblos, 2016
Materias:
Etiquetas: Agregar Etiqueta
Sin Etiquetas, Sea el primero en etiquetar este registro!
LEADER 00626nam a22002055a 4500
001 EHU.bham045021
003 AR-BHAM
005 20171128144506.0
008 130507s2016##################000#0#####d
020 |a 9789876914658 
082 1 4 |a 142.7 
100 1 |a Romano, Claude 
245 1 0 |a El acontecimiento y el mundo /  |b trad. por maría cristina greve  |c  Claude Romano : 
260 |a Buenos Aires :  |b Biblos,  |c 2016 
300 |a 303 p. 
653 |a Fenomenología 
653 |a Filosofía francesa 
653 |a Ontología 
700 1 |a Greve, María Cristina, trad. 
859 |a AR-BHAM  |b BIB. HUMANIDADES - General  |h 142.7  |i R662  |p 424.17  |t Ej.1